<?xml version="1.0" encoding="UTF-8"?>
<record
    xmlns:xsi="http://www.w3.org/2001/XMLSchema-instance"
    xsi:schemaLocation="http://www.loc.gov/MARC21/slim http://www.loc.gov/standards/marcxml/schema/MARC21slim.xsd"
    xmlns="http://www.loc.gov/MARC21/slim">

  <leader>01111nam1a22003011i 4500</leader>
  <controlfield tag="001">v19\rc\1297485</controlfield>
  <controlfield tag="005">20241225192335.0</controlfield>
  <datafield tag="035" ind1=" " ind2=" ">
    <subfield code="a">(NLR Aleph) 004443676</subfield>
  </datafield>
  <datafield tag="090" ind1=" " ind2=" ">
    <subfield code="a">4432468</subfield>
    <subfield code="c">4432468</subfield>
  </datafield>
  <datafield tag="100" ind1=" " ind2=" ">
    <subfield code="a">20060306g18631864|||y0rusy50      ca</subfield>
  </datafield>
  <datafield tag="101" ind1="1" ind2=" ">
    <subfield code="a">rus</subfield>
    <subfield code="c">ger</subfield>
  </datafield>
  <datafield tag="102" ind1=" " ind2=" ">
    <subfield code="a">RU</subfield>
  </datafield>
  <datafield tag="105" ind1=" " ind2=" ">
    <subfield code="a">    z   |||||</subfield>
  </datafield>
  <datafield tag="200" ind1="1" ind2=" ">
    <subfield code="a">&#x425;&#x438;&#x43C;&#x438;&#x447;&#x435;&#x441;&#x43A;&#x430;&#x44F; &#x43B;&#x430;&#x431;&#x43E;&#x440;&#x430;&#x442;&#x43E;&#x440;&#x438;&#x44F;</subfield>
    <subfield code="e">&#x420;&#x443;&#x43A;&#x43E;&#x432;&#x43E;&#x434;&#x441;&#x442;&#x432;&#x43E; &#x43A; &#x43F;&#x440;&#x430;&#x43A;&#x442;. &#x438;&#x437;&#x443;&#x447;. &#x445;&#x438;&#x43C;&#x438;&#x438; &#x431;&#x435;&#x437; &#x43F;&#x43E;&#x43C;&#x43E;&#x449;&#x438; &#x443;&#x447;&#x438;&#x442;&#x435;&#x43B;&#x44F;</subfield>
    <subfield code="e">&#x412; 3 &#x447;.</subfield>
    <subfield code="f">&#x421;&#x43E;&#x447;. &#x434;-&#x440;&#x430; &#x41A;. &#x428;&#x442;&#x430;&#x43C;&#x43C;&#x435;&#x440;&#x430;</subfield>
    <subfield code="g">&#x41F;&#x435;&#x440;. &#x441; &#x43D;&#x435;&#x43C;. &#x410;. &#x412;&#x435;&#x440;&#x438;&#x433;&#x43E;. &#x427;. 1-3</subfield>
  </datafield>
  <datafield tag="210" ind1=" " ind2=" ">
    <subfield code="a">&#x421;&#x430;&#x43D;&#x43A;&#x442;-&#x41F;&#x435;&#x442;&#x435;&#x440;&#x431;&#x443;&#x440;&#x433;</subfield>
    <subfield code="c">&#x420;&#x435;&#x434;. &#x436;&#x443;&#x440;&#x43D;. "&#x423;&#x447;&#x438;&#x442;&#x435;&#x43B;&#x44C;"</subfield>
    <subfield code="d">1863-1864</subfield>
  </datafield>
  <datafield tag="215" ind1=" " ind2=" ">
    <subfield code="a">3 &#x442;.</subfield>
    <subfield code="d">24</subfield>
  </datafield>
  <datafield tag="700" ind1=" " ind2="1">
    <subfield code="a">&#x428;&#x442;&#x430;&#x43C;&#x43C;&#x435;&#x440;</subfield>
    <subfield code="b">&#x41A;.</subfield>
    <subfield code="f">1828-1893</subfield>
    <subfield code="g">&#x41A;&#x430;&#x440;&#x43B;</subfield>
  </datafield>
  <datafield tag="702" ind1=" " ind2="1">
    <subfield code="a">&#x412;&#x435;&#x440;&#x438;&#x433;&#x43E;</subfield>
    <subfield code="b">&#x410;.&#x410;.</subfield>
    <subfield code="f">1835-1905</subfield>
    <subfield code="g">&#x410;&#x43B;&#x435;&#x43A;&#x441;&#x430;&#x43D;&#x434;&#x440; &#x410;&#x43D;&#x434;&#x440;&#x435;&#x435;&#x432;&#x438;&#x447;</subfield>
    <subfield code="4">730</subfield>
  </datafield>
  <datafield tag="801" ind1=" " ind2="0">
    <subfield code="a">RU</subfield>
    <subfield code="b">NLR</subfield>
    <subfield code="g">psbo</subfield>
  </datafield>
  <datafield tag="801" ind1=" " ind2="0">
    <subfield code="a">RU</subfield>
    <subfield code="b">RuMoRGB</subfield>
    <subfield code="2">psbo</subfield>
  </datafield>
  <datafield tag="801" ind1=" " ind2="1">
    <subfield code="a">RU</subfield>
    <subfield code="b">ProSoft-M</subfield>
    <subfield code="2">rusmarc</subfield>
  </datafield>
  <datafield tag="852" ind1=" " ind2=" ">
    <subfield code="a">NLR</subfield>
    <subfield code="j">18.3.3.22</subfield>
  </datafield>
  <datafield tag="899" ind1=" " ind2=" ">
    <subfield code="a">RuMoRGB</subfield>
    <subfield code="j">M 16/79</subfield>
  </datafield>
  <datafield tag="899" ind1=" " ind2=" ">
    <subfield code="a">RuMoRGB</subfield>
    <subfield code="j">U 383/334</subfield>
  </datafield>
  <datafield tag="899" ind1=" " ind2=" ">
    <subfield code="a">RuMoRGB</subfield>
    <subfield code="j">E 53/46</subfield>
  </datafield>
  <datafield tag="899" ind1=" " ind2=" ">
    <subfield code="a">&#x411;&#x410;&#x41D;</subfield>
  </datafield>
  <datafield tag="899" ind1=" " ind2=" ">
    <subfield code="a">&#x41D;&#x411; &#x421;&#x41F;&#x431;&#x413;&#x423;</subfield>
  </datafield>
  <datafield tag="942" ind1=" " ind2=" ">
    <subfield code="c">BOOK</subfield>
  </datafield>
</record>
